000 02289cam a2200421Ia 4500
001 55177
005 20230410120811.0
008 070313s2007 nyu 000 0 eng d
035 _a(OCoLC)ocn144226769
040 _aBTCTA
_cBTCTA
_dBAKER
_dLPU
_dKLC
_dBWX
_dEPL
_dYDXCP
020 _a9780060815530 (pbk.)
020 _a0060815531 (pbk.)
035 _a(OCoLC)144226769
050 1 4 _aHV6785
_bB48 2007
082 0 4 _a364.973
_222
245 0 4 _aThe best American crime reporting, 2007 /
_cguest editor, Linda Fairstein ; series editors, Otto Penzler and Thomas H. Cook.
250 _a1st ed.
260 _aNew York :
_bHarper/Perennial,
_cc2007.
300 _axviii, 359 p. ;
_c21 cm.
500 _a"An Ecco book."
505 0 0 _tThe loved ones /
_rTom Junod --
_tThe inside job /
_rNeil Swidey --
_tThe talented Dr. Krist /
_rSteve Fennessy --
_tThe case of the killer priest /
_rSean Flynn --
_tDouble blind /
_rMatthew Teague --
_tThe school /
_rC.J. Chivers --
_tA kiss before dying /
_rPamela Colloff --
_tThe devil in David Berkowitz /
_rSteve Fishman --
_tThe man who loves books too much /
_rAllison Hoover Bartlett --
_tDirty old women /
_rAriel Levy --
_tWho killed Ellen Andros? /
_rDan P. Lee --
_tFatal connection /
_rDavid Bernstein --
_tLast seen on September 10th /
_rMark Fass --
_tMy roommate, the diamond thief /
_rBrian Boucher --
_tThe monster of Florence /
_rDouglas Preston.
520 _aA collection of some of the most noted works of crime journalism from the past year includes Matthew Teague's "Double Bind," and Steve Fishman's "The Devil in David Berkowitz."
650 0 _aCrime
_zUnited States
_vCase studies.
650 0 _aCriminals
_zUnited States
_vCase studies.
650 0 _aCrime and the press
_zUnited States.
650 7 _aCriminals
_zUnited States
_vCase studies.
_2sears
650 7 _aCrime
_zUnited States
_vCase studies.
_2sears
650 7 _aJournalism
_zUnited States.
_2sears
700 1 _aFairstein, Linda A.
700 1 _aPenzler, Otto.
700 1 _aCook, Thomas H.
938 _aBaker and Taylor
_bBTCP
_nBK0007149764
938 _aBaker & Taylor
_bBKTY
_c14.95
_d11.21
_i0060815531
_n0007149764
_sactive
938 _aBlackwell Book Service
_bBBUS
_nR7672173
_c$14.95
938 _aYBP Library Services
_bYANK
_n2554256
942 _2lcc
_cbk
994 _aC0
_bDRFGD
999 _c52137
_d52137